| 000 | 00472nam a22001457a 4500 | ||
|---|---|---|---|
| 003 | OSt | ||
| 005 | 20250918140828.0 | ||
| 008 | 250918b |||||||| |||| 00| 0 eng d | ||
| 040 | _c0 | ||
| 082 | _aDPer 647.94068 In821 2022 v. 23 n. 1-4 | ||
| 245 | _aInternational journal of hospitality and tourism administration / | ||
| 260 |
_aUnited Kingdom ; _bTaylor & Francis Group, LLC, _c2022. |
||
| 300 |
_aVolume 23, various paging : _billustrations ; _c26 cm. |
||
| 942 |
_2ddc _cPER |
||
| 999 |
_c23842 _d23842 |
||